000 00466nam a2200157 i 4500
001 82590
003 ES-MaACL
005 20230906174711.0
007 t|
008 041111s1922 ag ||||1| spa d
100 1 _aIngenieros, José.
_965284
245 1 0 _aPor la unión latinoamericana /
_cdiscurso pronunciado el 11 de octubre por José Ingenieros.
260 _aBuenos Aires :
_bL. J. Rosso,
_c1922.
300 _a14 p. ;
_c25 cm.
852 _aES-MaACL
_j1642-F-16
999 _c82590
_d82590